[Event "World op 44th"]
[Site "Philadelphia"]
[Date "2016.07.01"]
[Round "2"]
[White "Li, Ruifeng"]
[Black "Wasiluk, Kevin M"]
[Result "1-0"]
[WhiteElo "2529"]
[BlackElo "2248"]
[PlyCount "145"]
[EventDate "2016.06.30"]
[EventType "swiss"]
[EventRounds "9"]
[EventCountry "USA"]
[SourceTitle "CBM 173 Extra"]
[Source "ChessBase"]
[SourceDate "2016.08.29"]
[SourceVersion "1"]
[SourceVersionDate "2016.08.29"]
[SourceQuality "1"]

1. e4 e6 2. d4 d5 3. Nd2 Nf6 4. e5 Nfd7 5. Bd3 c5 6. c3 Nc6 7. Ngf3 cxd4 8. cxd4 Qb6 9. 0-0 Nxd4 10. Nxd4 Qxd4 11. Nf3 Qb6 12. a3 Be7 13. b4 Qd8 14. Re1 Nb6 15. Nd4 Bd7 16. Qg4 Kf8 17. Re3 h5 18. Rh3 g6 19. Qe2 Kg7 20. f4 h4 21. Be3 Rc8 22. Bf2 Rc7 23. Qg4 Qc8 24. Ne2 Ba4 25. Bxh4 Bxh4 26. Rxh4 Bc2 27. Rxh8 Kxh8 28. Qh3+ Kg8 29. Ra2 Bxd3 30. Qxd3 Na4 31. Rd2 Rc4 32. h3 Nc3 33. Nd4 Qc7 34. Nxe6 fxe6 35. Qxg6+ Qg7 36. Qxe6+ Qf7 37. Qg4+ Qg7 38. Qf3 Qf7 39. f5 Ne4 40. Rd1 Rc3 41. Qg4+ Kf8 42. Qh4 Ng3 43. Qd8+ Kg7 44. f6+ Kg6 45. Qxd5 Qxd5 46. Rxd5 Rc1+ 47. Kf2 Ne4+ 48. Ke3 Re1+ 49. Kd4 Ng5 50. Ra5 Ne6+ 51. Kd5 Nc7+ 52. Kd6 b6 53. Ra4 Rc1 54. b5 Nxb5+ 55. Ke7 Rc7+ 56. Kd8 Kf7 57. Rg4 Ke6 58. Rg7 Rf7 59. Rxf7 Kxf7 60. Kd7 Nd4 61. h4 b5 62. h5 a5 63. h6 Ne6 64. Kc6 Ng5 65. Kxb5 Ke6 66. Kxa5 Kxe5 67. Kb6 Kxf6 68. a4 Ne4 69. Kc6 Nc3 70. a5 Na2 71. g4 Kg6 72. g5 Nb4+ 73. Kb7 1-0

[Event "Minneapolis"]
[Site "Minneapolis"]
[Date "2013.03.15"]
[Round "1"]
[White "Riester, Scott M"]
[Black "Wasiluk, Kevin M"]
[Result "0-1"]
[WhiteElo "2275"]
[BlackElo "2302"]
[PlyCount "138"]
[EventDate "2013.03.15"]
[EventType "tourn"]
[EventRounds "5"]
[EventCountry "USA"]
[EventCategory "2"]
[SourceTitle "CBM 153 Extra"]
[Source "ChessBase"]
[SourceDate "2013.04.22"]
[SourceVersion "1"]
[SourceVersionDate "2013.04.22"]
[SourceQuality "1"]

1. e4 e6 2. d4 d5 3. Nc3 Bb4 4. e5 c5 5. a3 Bxc3+ 6. bxc3 Ne7 7. Qg4 0-0 8. Bd3 Nbc6 9. Qh5 Ng6 10. Nf3 Qc7 11. Be3 c4 12. Bxg6 fxg6 13. Qg4 Qf7 14. Ng5 Qe8 15. h4 Bd7 16. Qe2 b5 17. g4 Qd8 18. h5 gxh5 19. Rxh5 h6 20. Nf3 Qa5 21. Bd2 Rf4 22. Bxf4 Qxc3+ 23. Qd2 Qxa1+ 24. Ke2 Rf8 25. Bxh6 Qxa3 26. Rh3 Qe7 27. Be3 Qf7 28. Ng5 Qg6 29. f4 Nd8 30. Ke1 Nf7 31. Qh2 Nxg5 32. fxg5 Kf7 33. Rf3+ Ke7 34. Rxf8 Kxf8 35. Qh8+ Kf7 36. Qd8 Be8 37. Kd1 Qe4 38. g6+ Qxg6 39. Bg5 Kg8 40. Kc1 b4 41. Kb2 Kh7 42. Be3 b3 43. cxb3 cxb3 44. Qc8 Qxg4 45. Qxe8 Qe2+ 46. Kxb3 Qxe3+ 47. Ka2 Qf2+ 48. Ka3 Qg3+ 49. Kb2 Qg4 50. Ka2 Kh6 51. Qf7 a5 52. Ka3 Qf5 53. Qe8 g6 54. Ka4 Kg5 55. Kxa5 Kf4 56. Qc8 Ke3 57. Qc5 g5 58. Qc3+ Qd3 59. Qc6 g4 60. Qxe6 g3 61. Qg4 Qd2+ 62. Kb5 g2 63. e6 Qb2+ 64. Kc5 Qc1+ 65. Kxd5 g1Q 66. Qe4+ Kd2 67. e7 Qg8+ 68. Kd6 Qa3+ 69. Kd7 Qa7+ 0-1

[Event "US Open-111"]
[Site "Irvine"]
[Date "2010.08.06"]
[Round "?"]
[White "Wasiluk, Kevin M"]
[Black "Cornejo, Max"]
[Result "0-1"]
[WhiteElo "2208"]
[BlackElo "2409"]
[PlyCount "82"]
[EventDate "2010.07.31"]
[EventType "swiss"]
[EventRounds "9"]
[EventCountry "USA"]
[SourceTitle "CBM 137 Extra"]
[Source "ChessBase"]
[SourceDate "2010.09.01"]
[SourceVersion "1"]
[SourceVersionDate "2010.09.01"]
[SourceQuality "1"]

1. d4 d5 2. c4 e6 3. Nf3 c6 4. e3 Bd6 5. Bd3 f5 6. Qc2 Nh6 7. Bd2 0-0 8. Bc3 Nd7 9. Nbd2 b6 10. h3 Nf6 11. c5 Be7 12. Ne5 Bb7 13. cxb6 axb6 14. f3 Nd7 15. Nxd7 Bh4+ 16. Kd1 Qxd7 17. f4 c5 18. Nf3 Be7 19. Ne5 Qd8 20. Bb5 Bd6 21. Nf3 Qc7 22. Qf2 c4 23. a3 Bc6 24. Bxc6 Qxc6 25. Qd2 Ra4 26. Ne1 Nf7 27. Ke2 Be7 28. Nc2 Nd6 29. Rhc1 Ne4 30. Qe1 g5 31. Kf1 Rf7 32. Kg1 Qc7 33. fxg5 Bxg5 34. Qe2 Rg7 35. Be1 Ra8 36. Nb4 Kh8 37. Rc2 Qd6 38. Qf3 b5 39. Rd1 Bd8 40. Bf2 Bc7 41. Kf1 Rag8 0-1

[Event "US Open-111"]
[Site "Irvine"]
[Date "2010.08.04"]
[Round "?"]
[White "Sadorra, Julio Catalino"]
[Black "Wasiluk, Kevin M"]
[Result "1-0"]
[WhiteElo "2473"]
[BlackElo "2208"]
[PlyCount "59"]
[EventDate "2010.07.31"]
[EventType "swiss"]
[EventRounds "9"]
[EventCountry "USA"]
[SourceTitle "CBM 137 Extra"]
[Source "ChessBase"]
[SourceDate "2010.09.01"]
[SourceVersion "1"]
[SourceVersionDate "2010.09.01"]
[SourceQuality "1"]

1. d4 d5 2. Nf3 Nf6 3. c4 c6 4. Nc3 e6 5. Bg5 Nbd7 6. cxd5 exd5 7. e3 Be7 8. Qc2 Nf8 9. Bd3 Ne6 10. Bh4 a5 11. 0-0 g6 12. Ne5 Ng7 13. f3 0-0 14. Bf2 c5 15. Qd2 cxd4 16. exd4 a4 17. a3 Qa5 18. Bb5 Be6 19. Bxa4 Rfc8 20. b4 Qd8 21. Bb5 Nf5 22. Na4 Nd6 23. Qe2 Bf5 24. Rfc1 Rc7 25. g4 Be6 26. Nc5 Rac8 27. Re1 b6 28. Nxe6 fxe6 29. Bd3 b5 30. a4 1-0

[Event "Saint Paul 3rd"]
[Site "Saint Paul"]
[Date "2010.02.27"]
[Round "2"]
[White "Wasiluk, Kevin M"]
[Black "Ratliff, David J"]
[Result "1-0"]
[WhiteElo "2214"]
[BlackElo "2060"]
[PlyCount "33"]
[EventDate "2010.02.27"]
[EventType "tourn"]
[EventRounds "9"]
[EventCountry "USA"]
[SourceTitle "CBM 135 Extra"]
[Source "ChessBase"]
[SourceDate "2010.05.04"]
[SourceVersion "1"]
[SourceVersionDate "2010.05.04"]
[SourceQuality "1"]

1. d4 Nc6 2. c4 e5 3. d5 Nce7 4. Nc3 Ng6 5. g3 Bc5 6. h4 d6 7. h5 Nf8 8. Bh3 h6 9. b4 Bd4 10. Bd2 Bxh3 11. Rxh3 Nf6 12. Qc2 Qd7 13. Rh4 N8h7 14. Nf3 Bxc3 15. Qxc3 e4 16. Nd4 c6 17. dxc6 1-0